000 00343nam a22001217a 4500
040 _cHS
082 _a495
100 _aឈុំភិត លន់
245 _aGenetic and breeding : សេនេទិច និងការបង្កាត់ពូជ
260 _aRUA
_bឈុំភិត លន់
_c2008
300 _aNA
942 _cKB
999 _c10146
_d10146